000 00204 a2200097 4500
001 20439
100 _aLikert R
245 _aThe Human Organization
260 _a
_bMcGraw-Hill
_c
090 _c14874
_d14874
942 _aNUST-CAE
_cM
_c5418
999 _c255512
_d255512